000 00992nam a2200349 a 4500
003 AR-BaBNM
005 20251128210254.0
008 082120s2002 ||||||||||||||000 | spa||
020 _a84-331-0741-0
040 _cAR-BaBNM
100 1 _aMartínez Alcolea, Antonio
245 0 0 _aTécnicas para evaluar la competencia curricular
_beducación primaria
260 _aMadrid
_bEscuela Española
_c1996
300 _a201 p.
_bil., tablas, diagr.
490 0 _aEducación al día
504 _aContiene bibliografía p. 201
650 4 _aLENGUA
650 4 _aCOMPETENCIAS
650 4 _aLITERATURA
650 4 _aMATEMATICA
650 4 _aEVALUACION DEL ALUMNO
650 4 _aTECNICAS DE EVALUACION
650 4 _aCRITERIOS DE EVALUACION
651 4 _aEspaña
653 _aEVALUACION EDUCATIVA
653 _aEXPECTATIVAS DE LOGRO
653 _aEDUCACION PRIMARIA
653 _aAREAS CURRICULARES
700 1 _aCalvo Rodríguez, Angel R.
942 _cBK
998 _cRaquel
999 _c14729
_d14729